Google Suchanfragen vervollständigen 3 - Statistiken

Allgemein
  • Dieses Quiz wurde 483 mal gespielt
  • Das Durchschnittsergebnis liegt bei 2 aus 10
Antwortstatistiken
Suchanfrage Ergebnis % Korrekt
was hilft gegen.. kopfschmerzen
76%
was hilft gegen.. durchfall
38%
was hilft gegen.. halsschmerzen
31%
was hilft gegen.. mücken
29%
was hilft gegen.. übelkeit
27%
was hilft gegen.. sonnenbrand
10%
was hilft gegen.. sodbrennen
9%
was hilft gegen.. muskelkater
8%
was hilft gegen.. ameisen
7%
was hilft gegen.. mückenstiche
4%
Keine übereinstimmenden Quizze gefunden
Verteilung der Resultate
Anzahl Personen mit jedem Resultat
Perzentil nach korrekt beantworteten Fragen
Ihre Resultats-Entwicklung
Sie haben dieses Quiz noch nicht gespielt